| 000 | 00658nam a22002177a 4500 | ||
|---|---|---|---|
| 999 |
_c134987 _d134987 |
||
| 005 | 20181218105112.0 | ||
| 010 | _aB-211135 | ||
| 020 |
_c200.00 _a8172861184 |
||
| 035 | _aB-211135 | ||
| 037 | _bCen Lib/Ret | ||
| 082 |
_a881 _bSID |
||
| 100 | _aSiddiqui, Moid | ||
| 245 |
_aIntangibles : _cby Moid Siddiqui _bthe obverse phase of management : a poetic passion / |
||
| 260 |
_aBangalore _bPrism Books _c1999 |
||
| 270 |
_a53/2, Bull Temple Road _bBangalore _e560019 |
||
| 300 |
_axiii,165p. : _c18cm(pbk) _bill. |
||
| 650 | _aIntangibles | ||
| 650 | _aIntangibles--Management | ||
| 942 |
_2ddc _cEN _h881 _mSID |
||